| 000 -LEADER |
| fixed length control field |
00730nam a2200229Ia 4500 |
| 001 - CONTROL NUMBER |
| control field |
10558 |
| 003 - CONTROL NUMBER IDENTIFIER |
| control field |
GE_BSU |
| 005 - DATE AND TIME OF LATEST TRANSACTION |
| control field |
20190604205101.0 |
| 008 - FIXED-LENGTH DATA ELEMENTS--GENERAL INFORMATION |
| fixed length control field |
181216s1994|||| |||||||||||||| ||eng|| |
| 020 ## - INTERNATIONAL STANDARD BOOK NUMBER |
| International Standard Book Number |
052152931x |
| 040 ## - CATALOGING SOURCE |
| Transcribing agency |
GE_BSU |
| 080 ## - UNIVERSAL DECIMAL CLASSIFICATION NUMBER |
| Universal Decimal Classification number |
811.111 M-96 |
| 100 ## - MAIN ENTRY--PERSONAL NAME |
| Personal name |
Murphy,Raymond |
| 9 (RLIN) |
2087 |
| 245 ## - TITLE STATEMENT |
| Title |
English grammar in use : A self study reference and practice book for intermediate students,with answers / |
| Statement of responsibility, etc. |
Raymond Murphy. |
| 250 ## - EDITION STATEMENT |
| Edition statement |
Second Edition |
| 264 ## - PRODUCTION, PUBLICATION, DISTRIBUTION, MANUFACTURE, AND COPYRIGHT NOTICE |
| Place of production, publication, distribution, manufacture |
Cambridge : |
| Name of producer, publisher, distributor, manufacturer |
Cambridge University Press, |
| Date of production, publication, distribution, manufacture, or copyright notice |
1994. |
| 300 ## - PHYSICAL DESCRIPTION |
| Extent |
350 p .: |
| Dimensions |
24 cm. |
| 653 ## - INDEX TERM--UNCONTROLLED |
| keyword |
English grammar in use |
| 653 ## - INDEX TERM--UNCONTROLLED |
| keyword |
ინგლისური ენის გრამატიკა |
| 942 ## - ADDED ENTRY ELEMENTS (KOHA) |
| Koha item type |
წიგნი |
| Source of classification or shelving scheme |
|